000 00781nam a2200265Ia 4500
003 OSt
005 20220925223016.0
006 a|||||r|||| 00| 0
007 ta
008 220923b |||||||| |||| 00| 0 eng d
020 _a0415012643
037 _cGeneral Book
040 _aRTL
_cRTL
_beng
041 _2eng
_aeng
082 _aX.42.N8, M9
100 _aMorris-Suzuki Tessa
_9235641
245 0 _aHistory of Japanese economic thought
260 _aLondon
_bRoutledge
_c1989
300 _a213p.
_ccm.
490 _aNjissan Institute , Routledge Japanese Studies Series
500 _aBibliography: P 197-206
650 _aEconomics Conditions Japan
_9235427
942 _hX.42.N8, M9
_cGB
_2CC
999 _c578344
_d578344